Intergeneration conflict in the Indian family : A psychological study (Record no. 15865)

MARC details
000 -LEADER
fixed length control field 00314nam a2200121Ia 4500
082 ## - DEWEY DECIMAL CLASSIFICATION NUMBER
Classification number RL.0008
100 ## - MAIN ENTRY--AUTHOR NAME
Personal name Loomba, Ram Murti
245 #0 - TITLE STATEMENT
Title Intergeneration conflict in the Indian family : A psychological study
260 ## - PUBLICATION, DISTRIBUTION, ETC. (IMPRINT)
Year of publication 1971
300 ## - PHYSICAL DESCRIPTION
Number of Pages 429p.
942 ## - ADDED ENTRY ELEMENTS (KOHA)
Koha item type Books
Holdings
Withdrawn status Lost status Damaged status Not for loan Home library Current library Date acquired Full call number Accession Number Price effective from Koha item type
        NASSDOC Library NASSDOC Library 08/10/2004 RL.0008 2769 18/04/2019 Books